[Event "Valencia Region-ch"]
[Site "Valencia"]
[Date "2016.11.19"]
[Round "7"]
[White "Valmana Canto, Jaime"]
[Black "Cabero Feliciano, Guillermo"]
[Result "1-0"]
[WhiteElo "2399"]
[BlackElo "2153"]
[PlyCount "55"]
[EventDate "2016.10.01"]
[EventType "swiss"]
[EventRounds "7"]
[EventCountry "ESP"]
[SourceTitle "EXT 2024"]
[Source "ChessBase"]
[SourceDate "2023.10.10"]
[SourceVersion "1"]
[SourceVersionDate "2023.10.10"]
[SourceQuality "1"]

1. d4 d5 2. c4 Nc6 3. Nf3 Bg4 4. cxd5 Bxf3 5. gxf3 Qxd5 6. e3 e6 7. Nc3 Qh5 8. Bb5 Nge7 9. Bd2 g5 10. Ne4 Bg7 11. Be2 Qh4 12. Qb3 0-0 13. 0-0-0 Kh8 14. Rdg1 h6 15. Rg4 Qh3 16. Ng3 Qg2 17. Qd1 f5 18. Nxf5 Qxh1 19. Qxh1 Nxf5 20. Bc3 Rad8 21. h4 gxh4 22. Bd3 Nce7 23. Bc4 Rd6 24. e4 Nxd4 25. Qxh4 Rf7 26. e5 Nef5 27. exd6 Nxh4 28. Bxd4 1-0

[Event "Valencia Region-ch"]
[Site "Valencia"]
[Date "2016.10.08"]
[Round "2"]
[White "Munoz Ortega, Jose Daniel"]
[Black "Cabero Feliciano, Guillermo"]
[Result "1-0"]
[WhiteElo "2073"]
[BlackElo "2153"]
[PlyCount "97"]
[EventDate "2016.10.01"]
[EventType "swiss"]
[EventRounds "7"]
[EventCountry "ESP"]
[SourceTitle "EXT 2024"]
[Source "ChessBase"]
[SourceDate "2023.10.10"]
[SourceVersion "1"]
[SourceVersionDate "2023.10.10"]
[SourceQuality "1"]

1. d4 e6 2. c4 b6 3. e4 Bb7 4. Bd3 Bb4+ 5. Bd2 Bxd2+ 6. Qxd2 Nh6 7. Nc3 0-0 8. Nge2 f5 9. f3 Nc6 10. 0-0-0 fxe4 11. Bxe4 Na5 12. d5 Nf5 13. Bxf5 exf5 14. Qd4 Qf6 15. c5 Ba6 16. b4 Bxe2 17. Nxe2 Nb7 18. cxb6 axb6 19. Qxf6 Rxf6 20. Kb2 Nd6 21. Rc1 Ra7 22. Nd4 b5 23. Kb3 Rf8 24. Rc5 Rfa8 25. Nxb5 Nxb5 26. Rxb5 Rxa2 27. Rc1 R8a3+ 28. Kc4 Ra7 29. Re1 Kf7 30. d6 cxd6 31. Rxf5+ Kg6 32. g4 Rc2+ 33. Kb3 Rac7 34. h4 R2c3+ 35. Kb2 h5 36. Re4 hxg4 37. fxg4 R3c4 38. Rg5+ Kf6 39. Rf5+ Kg6 40. Rg5+ Kf6 41. Rf5+ Kg6 42. Rxc4 Rxc4 43. Rg5+ Kf6 44. Kb3 Rc8 45. b5 Rh8 46. b6 Rxh4 47. Rh5 Rxg4 48. b7 Rg1 49. Rb5 1-0

[Event "Mislata op-A 48th"]
[Site "Mislata"]
[Date "2014.08.17"]
[Round "9"]
[White "Jordan Arenas, Manuel"]
[Black "Cabero Feliciano, Guillermo"]
[Result "1-0"]
[WhiteElo "2148"]
[BlackElo "2090"]
[PlyCount "63"]
[EventDate "2014.08.11"]
[EventType "swiss"]
[EventRounds "9"]
[EventCountry "ESP"]
[SourceTitle "CBM 161 Extra"]
[Source "ChessBase"]
[SourceDate "2014.08.29"]
[SourceVersion "1"]
[SourceVersionDate "2014.08.29"]
[SourceQuality "1"]

1. d4 e6 2. c4 b6 3. Nf3 Bb7 4. g3 f5 5. Bg2 Nf6 6. 0-0 Be7 7. Nc3 Ne4 8. Qd3 Nxc3 9. Qxc3 Bf6 10. Bf4 0-0 11. Rfd1 Na6 12. Qe3 Qe7 13. a3 d6 14. b4 Rae8 15. Qb3 Nb8 16. Rac1 e5 17. dxe5 dxe5 18. c5+ Kh8 19. Be3 Rd8 20. b5 Rxd1+ 21. Rxd1 bxc5 22. Qc2 Rd8 23. Rxd8+ Qxd8 24. Nxe5 Bxe5 25. Bxb7 Bd4 26. Qd2 Qd6 27. Bf4 Qb6 28. Bc8 Qxb5 29. Bxf5 Nc6 30. e3 c4 31. Qc2 Bf6 32. Bxh7 1-0

[Event "Mislata op-A 48th"]
[Site "Mislata"]
[Date "2014.08.13"]
[Round "4"]
[White "Garriga Cazorla, Pere"]
[Black "Cabero Feliciano, Guillermo"]
[Result "1-0"]
[WhiteElo "2196"]
[BlackElo "2090"]
[PlyCount "85"]
[EventDate "2014.08.11"]
[EventType "swiss"]
[EventRounds "9"]
[EventCountry "ESP"]
[SourceTitle "CBM 161 Extra"]
[Source "ChessBase"]
[SourceDate "2014.08.29"]
[SourceVersion "1"]
[SourceVersionDate "2014.08.29"]
[SourceQuality "1"]

1. d4 e6 2. Nf3 Nf6 3. c4 c5 4. d5 exd5 5. cxd5 d6 6. Nc3 g6 7. e4 a6 8. a4 Bg4 9. Be2 Bg7 10. 0-0 0-0 11. Bf4 Bxf3 12. Bxf3 Qe7 13. Re1 Nbd7 14. Qc2 Ne8 15. h3 Ne5 16. Be2 g5 17. Be3 Ng6 18. Bf1 Be5 19. g3 h5 20. Qd2 h4 21. Bxg5 f6 22. Bxh4 Qh7 23. Bg2 Nxh4 24. gxh4 Qxh4 25. Ne2 f5 26. f4 Bg7 27. exf5 Nf6 28. Qd3 Nh5 29. Qf3 Rxf5 30. Qg4 Rxf4 31. Nxf4 Qxg4 32. hxg4 Nxf4 33. Re7 Bxb2 34. Rb1 Bd4+ 35. Kh1 b5 36. axb5 Rb8 37. b6 Nd3 38. Bf3 Nb4 39. b7 Bg7 40. Be4 a5 41. Rc7 Bf8 42. Kg2 a4 43. Bf5 1-0

[Event "Provincial-ch Valencia"]
[Site "Valencia"]
[Date "2013.11.16"]
[Round "6"]
[White "Rubio Tent, Francisco"]
[Black "Cabero Feliciano, Guillermo"]
[Result "1-0"]
[WhiteElo "2177"]
[BlackElo "2060"]
[PlyCount "99"]
[EventDate "2013.10.05"]
[EventType "swiss"]
[EventRounds "7"]
[EventCountry "ESP"]
[SourceTitle "EXT 2024"]
[Source "ChessBase"]
[SourceDate "2023.10.10"]
[SourceVersion "1"]
[SourceVersionDate "2023.10.10"]
[SourceQuality "1"]

1. e4 e6 2. d4 d5 3. exd5 exd5 4. Nf3 Bd6 5. c4 dxc4 6. Bxc4 Nf6 7. 0-0 0-0 8. h3 h6 9. Nc3 Nc6 10. Re1 Bf5 11. Be3 a6 12. a3 Qd7 13. b4 Ne4 14. Qb3 Nxc3 15. Qxc3 Rae8 16. Rad1 Qd8 17. Bc1 Rxe1+ 18. Rxe1 Re8 19. Rxe8+ Qxe8 20. Bb2 Bf8 21. d5 Na7 22. Ne5 Nb5 23. Bxb5 Qxb5 24. Qf3 Bg6 25. Nxg6 fxg6 26. Qe4 Qd7 27. Be5 Bd6 28. f4 Qf5 29. Qd4 Qd7 30. Kf2 g5 31. Bxd6 cxd6 32. fxg5 Qf5+ 33. Ke2 Qxg5 34. Qe4 Kf8 35. Kd3 Qc1 36. Qf5+ Kg8 37. Qe6+ Kh7 38. Qxd6 Qxa3+ 39. Ke4 a5 40. Qf8 axb4 41. Qf5+ Kh8 42. d6 b3 43. d7 Qd6 44. Qd5 Qg6+ 45. Kd4 Qf6+ 46. Kc4 Qd8 47. Kxb3 Qb6+ 48. Kc3 Qc7+ 49. Kd3 Qg3+ 50. Ke2 1-0

[Event "Provincial-ch Valencia"]
[Site "Valencia"]
[Date "2013.11.09"]
[Round "5"]
[White "Cabero Feliciano, Guillermo"]
[Black "Navarro Diaz, Carles"]
[Result "1-0"]
[WhiteElo "2060"]
[BlackElo "2103"]
[PlyCount "123"]
[EventDate "2013.10.05"]
[EventType "swiss"]
[EventRounds "7"]
[EventCountry "ESP"]
[SourceTitle "EXT 2024"]
[Source "ChessBase"]
[SourceDate "2023.10.10"]
[SourceVersion "1"]
[SourceVersionDate "2023.10.10"]
[SourceQuality "1"]

1. d4 Nf6 2. Bg5 e6 3. Nd2 c5 4. e3 d5 5. c3 Nbd7 6. Ngf3 Be7 7. Bd3 0-0 8. 0-0 b6 9. Ne5 Nxe5 10. dxe5 Nd7 11. Bxe7 Qxe7 12. f4 Bb7 13. Rf3 f6 14. Rh3 g6 15. Qg4 f5 16. Qh4 Qxh4 17. Rxh4 Kg7 18. g4 Rad8 19. gxf5 gxf5 20. Kf2 h6 21. Rg1+ Kf7 22. Rxh6 Rh8 23. Rxh8 Rxh8 24. Nf1 Nf8 25. Be2 Ng6 26. Rg5 Ne7 27. Rh5 Rxh5 28. Bxh5+ Kg7 29. Nd2 a5 30. Nf3 Nc6 31. Ng5 Bc8 32. Be8 Nd8 33. Kg3 Kf8 34. Bb5 Kg7 35. Kh4 Kh6 36. Nf3 Bb7 37. Ng1 Bc6 38. Be2 d4 39. cxd4 cxd4 40. exd4 Bd5 41. a3 Nc6 42. Bf3 Nxd4 43. Bxd5 exd5 44. Kg3 Kh5 45. h4 b5 46. Nh3 Ne2+ 47. Kf2 Nd4 48. Ke3 Nc6 49. Ng5 Kxh4 50. Nf3+ Kg4 51. e6 Ne7 52. Nd4 b4 53. a4 Kg3 54. Nb3 d4+ 55. Kxd4 Kxf4 56. Nxa5 Kf3 57. Nc4 f4 58. a5 Ke2 59. Ne5 f3 60. Nxf3 Kxf3 61. a6 Nc8 62. Kc5 1-0

[Event "Mislata op-A 47th"]
[Site "Mislata"]
[Date "2013.08.13"]
[Round "2"]
[White "Gimenez Ruiz, Jesus"]
[Black "Cabero Feliciano, Guillermo"]
[Result "0-1"]
[WhiteElo "1755"]
[BlackElo "2072"]
[PlyCount "86"]
[EventDate "2013.08.12"]
[EventType "swiss"]
[EventRounds "9"]
[EventCountry "ESP"]
[SourceTitle "EXT 2024"]
[Source "ChessBase"]
[SourceDate "2023.10.10"]
[SourceVersion "1"]
[SourceVersionDate "2023.10.10"]
[SourceQuality "1"]

1. e4 e6 2. d4 d5 3. e5 c5 4. c3 Qb6 5. Nf3 Nc6 6. Qa4 Bd7 7. Bb5 Nxe5 8. Bxd7+ Nxd7 9. Ne5 Rd8 10. Nxd7 Rxd7 11. dxc5 Bxc5 12. 0-0 Nf6 13. b4 Bd6 14. Be3 Qc7 15. h3 a6 16. a3 0-0 17. Ra2 Rc8 18. Rc1 Qc6 19. Qxc6 Rxc6 20. f3 Rdc7 21. Rd1 Rc4 22. Bd4 Nd7 23. Re2 Rc8 24. Nd2 R4c7 25. Nb1 Be7 26. g3 Bf6 27. Bxf6 Nxf6 28. Rd4 Ne8 29. Kf2 Nd6 30. a4 b6 31. Kg2 Kf8 32. Kf2 Nf5 33. Rf4 h5 34. h4 g6 35. Kg2 Ke7 36. Kh3 f6 37. g4 hxg4+ 38. fxg4 Nd6 39. Rd4 Ne4 40. Kg2 Nxc3 41. Nxc3 Rxc3 42. Rxd5 Rc2 43. Rxc2 Rxc2+ 0-1

[Event "Manises Provincial-ch"]
[Site "Manises"]
[Date "2011.10.22"]
[Round "3"]
[White "Picornell Morant, Juan Enrique"]
[Black "Cabero Feliciano, Guillermo"]
[Result "0-1"]
[WhiteElo "1962"]
[BlackElo "2113"]
[PlyCount "52"]
[EventDate "2011.10.01"]
[EventType "swiss"]
[EventRounds "7"]
[EventCountry "ESP"]
[SourceTitle "EXT 2013"]
[Source "ChessBase"]
[SourceDate "2012.11.22"]
[SourceVersion "1"]
[SourceVersionDate "2012.11.22"]
[SourceQuality "1"]

1. e4 e5 2. Nf3 Nc6 3. Bb5 a6 4. Ba4 Nf6 5. 0-0 Nxe4 6. d4 b5 7. Bb3 d5 8. dxe5 Be6 9. Be3 Nc5 10. Nc3 Nxb3 11. cxb3 Qd7 12. Rc1 Be7 13. h3 Na5 14. Ne2 Nb7 15. Nfd4 c5 16. Nxe6 fxe6 17. Nf4 0-0 18. Qg4 Rf5 19. Nh5 g6 20. Nf6+ Bxf6 21. exf6 d4 22. Bg5 h5 23. Qg3 Kf7 24. Rfe1 Qd6 25. Rxe6 Kxe6 26. Re1+ Kd5 0-1

[Event "Manises Provincial-ch"]
[Site "Manises"]
[Date "2011.10.15"]
[Round "2"]
[White "Cabero Feliciano, Guillermo"]
[Black "Madero, Sergio"]
[Result "1/2-1/2"]
[WhiteElo "2113"]
[BlackElo "2120"]
[PlyCount "67"]
[EventDate "2011.10.01"]
[EventType "swiss"]
[EventRounds "7"]
[EventCountry "ESP"]
[SourceTitle "EXT 2013"]
[Source "ChessBase"]
[SourceDate "2012.11.22"]
[SourceVersion "1"]
[SourceVersionDate "2012.11.22"]
[SourceQuality "1"]

1. d4 Nf6 2. Nf3 e6 3. g3 d5 4. Bg2 c5 5. 0-0 Nc6 6. c4 cxd4 7. Qa4 dxc4 8. Nxd4 Qxd4 9. Bxc6+ Bd7 10. Rd1 Bxc6 11. Qxc6+ bxc6 12. Rxd4 Rb8 13. Rxc4 Nd5 14. Rxc6 Be7 15. a3 Bf6 16. e4 Nb6 17. Bf4 Rb7 18. Nd2 g5 19. Be3 Kd7 20. Rc2 Na4 21. e5 Bxe5 22. Nc4 Bf6 23. Rd1+ Ke7 24. Na5 Rd7 25. Nc6+ Ke8 26. Rxd7 Kxd7 27. Nd4 Rc8 28. Rxc8 Kxc8 29. b3 Nc5 30. b4 Ne4 31. b5 Nc3 32. Nc6 Nxb5 33. Nxa7+ Nxa7 34. Bxa7 1/2-1/2

[Event "Manises Provincial-ch"]
[Site "Manises"]
[Date "2011.10.01"]
[Round "1"]
[White "Martinez Villena, David"]
[Black "Cabero Feliciano, Guillermo"]
[Result "1/2-1/2"]
[WhiteElo "1968"]
[BlackElo "2113"]
[PlyCount "126"]
[EventDate "2011.10.01"]
[EventType "swiss"]
[EventRounds "7"]
[EventCountry "ESP"]
[SourceTitle "EXT 2013"]
[Source "ChessBase"]
[SourceDate "2012.11.22"]
[SourceVersion "1"]
[SourceVersionDate "2012.11.22"]
[SourceQuality "1"]

1. e4 e5 2. Nf3 Nc6 3. d4 exd4 4. Nxd4 Bc5 5. Nxc6 Qf6 6. Qd2 bxc6 7. Bc4 Ne7 8. Qf4 Qxf4 9. Bxf4 d6 10. Nd2 Ng6 11. Bg3 Be6 12. Bd3 0-0 13. 0-0 Rae8 14. Kh1 f5 15. f4 Bb6 16. a4 fxe4 17. Nxe4 Bf5 18. Nf2 Bxd3 19. Nxd3 Re2 20. f5 Ne7 21. a5 Bd4 22. c3 Bf6 23. Rab1 c5 24. Nf4 Rc2 25. Ne6 Rc8 26. h3 Kf7 27. Bh2 Nxf5 28. Nxc7 Ne3 29. Rf3 Nxg2 30. Bxd6 Nh4 31. Rff1 Rd8 32. Bg3 Rd3 33. Rf2 Rxf2 34. Bxf2 Rxh3+ 35. Kg1 Be7 36. Nb5 Bd8 37. Bxc5 a6 38. Bb6 Rd3 39. Nd4 Bf6 40. Kf2 Bxd4+ 41. Bxd4 Nf5 42. Ke2 Rh3 43. Rf1 Ke6 44. Bf2 Kd5 45. Kd2 Kc4 46. Kc2 g6 47. Re1 Rh2 48. b3+ Kb5 49. Re5+ Kc6 50. Re2 Ng3 51. Re6+ Kd7 52. Rf6 Nf5 53. Rxa6 Rxf2+ 54. Kd3 h5 55. Rxg6 h4 56. a6 h3 57. a7 Ra2 58. Rg5 h2 59. Rh5 Kc6 60. a8Q+ Rxa8 61. Rxh2 Rd8+ 62. Kc2 Ne3+ 63. Kb2 Nd1+ 1/2-1/2

[Event "Mislata op 45th"]
[Site "Mislata"]
[Date "2011.08.21"]
[Round "9"]
[White "Martin Hernandez, Ruben"]
[Black "Cabero Feliciano, Guillermo"]
[Result "1-0"]
[WhiteElo "2128"]
[BlackElo "2101"]
[PlyCount "65"]
[EventDate "2011.08.15"]
[EventType "swiss"]
[EventRounds "9"]
[EventCountry "ESP"]
[SourceTitle "CBM 143 Extra"]
[Source "ChessBase"]
[SourceDate "2011.08.29"]
[SourceVersion "1"]
[SourceVersionDate "2011.08.29"]
[SourceQuality "1"]

1. c4 e6 2. g3 d5 3. Bg2 c5 4. Nf3 Nf6 5. 0-0 Nc6 6. d4 Be7 7. dxc5 Bxc5 8. Bg5 h6 9. Bxf6 Qxf6 10. cxd5 exd5 11. Qxd5 Bb6 12. Nc3 0-0 13. Qb5 Bg4 14. Nd5 Qf5 15. Qxc6 bxc6 16. Ne7+ Kh7 17. Nxf5 Bxf5 18. Rac1 Rac8 19. e3 c5 20. Ne5 Be6 21. b3 Rfd8 22. Rc2 Bf5 23. e4 Be6 24. Rfc1 f6 25. Nc4 Bxc4 26. Rxc4 Rd2 27. b4 Rxa2 28. bxc5 Bd8 29. c6 Bb6 30. c7 Rxf2 31. Kh1 g6 32. e5 f5 33. Bb7 1-0

[Event "Mislata op 45th"]
[Site "Mislata"]
[Date "2011.08.15"]
[Round "1"]
[White "Cabero Feliciano, Guillermo"]
[Black "Bosque Ortega, Xavier"]
[Result "1-0"]
[WhiteElo "2101"]
[BlackElo "2245"]
[PlyCount "149"]
[EventDate "2011.08.15"]
[EventType "swiss"]
[EventRounds "9"]
[EventCountry "ESP"]
[SourceTitle "CBM 143 Extra"]
[Source "ChessBase"]
[SourceDate "2011.08.29"]
[SourceVersion "1"]
[SourceVersionDate "2011.08.29"]
[SourceQuality "1"]

1. d4 d5 2. Nf3 Bf5 3. c4 c6 4. cxd5 Bxb1 5. Rxb1 Qxd5 6. a3 Nd7 7. e3 Rd8 8. Qc2 Ngf6 9. Bd3 e5 10. Bc4 Qe4 11. Bxf7+ Ke7 12. Qxe4 Nxe4 13. Bb3 exd4 14. exd4 Re8 15. 0-0 Kd8 16. Be3 Bd6 17. Bc2 Rhf8 18. Rfe1 Bf4 19. Bxf4 Rxf4 20. Re3 h6 21. Rbe1 Nd6 22. Rxe8+ Nxe8 23. Re3 Nd6 24. g3 Rf8 25. Bb3 Nf5 26. Rd3 Re8 27. Ne5 Kc7 28. f4 Re7 29. Kf2 a6 30. Bd1 c5 31. Bg4 Nxe5 32. dxe5 Nd4 33. b4 b6 34. Bh3 Kc6 35. bxc5 bxc5 36. Rd2 Kd5 37. Bf1 a5 38. Ke3 Re8 39. Rb2 Re7 40. Rb6 Nf5+ 41. Kd3 c4+ 42. Kc3 Kc5 43. Rb8 Ne3 44. Rc8+ Kd5 45. Bxc4+ Ke4 46. Be2 Rb7 47. Rc5 a4 48. Bb5 Nd5+ 49. Kc4 Nb6+ 50. Kb4 Kd4 51. Bc6 Nd5+ 52. Ka5 Ra7+ 53. Kb5 Nc7+ 54. Kb6 Ra6+ 55. Kxc7 Kxc5 56. Bd7 Kd5 57. e6 Rxe6 58. Bxe6+ Kxe6 59. Kc6 Kf5 60. Kb5 Kg4 61. Kxa4 Kh3 62. Kb4 Kxh2 63. a4 Kxg3 64. a5 Kxf4 65. a6 g5 66. a7 h5 67. a8Q h4 68. Qh1 Kg3 69. Qg1+ Kf4 70. Kc4 g4 71. Kd4 g3 72. Qg2 Kg4 73. Ke4 h3 74. Qf3+ Kh4 75. Kf5 1-0

[Event "Cullera op 13th"]
[Site "Cullera"]
[Date "2010.07.31"]
[Round "7"]
[White "Martinez Tormo, Jorge"]
[Black "Cabero Feliciano, Guillermo"]
[Result "1-0"]
[WhiteElo "2175"]
[BlackElo "2080"]
[PlyCount "99"]
[EventDate "2010.07.26"]
[EventType "swiss"]
[EventRounds "9"]
[EventCountry "ESP"]
[SourceTitle "CBM 137 Extra"]
[Source "ChessBase"]
[SourceDate "2010.09.01"]
[SourceVersion "1"]
[SourceVersionDate "2010.09.01"]
[SourceQuality "1"]

1. e4 e5 2. Nf3 Nc6 3. Bc4 Nf6 4. d3 Be7 5. 0-0 0-0 6. Re1 d6 7. c3 h6 8. Nbd2 Kh8 9. Nf1 Na5 10. Bb5 Bd7 11. Bxd7 Qxd7 12. d4 Nc6 13. d5 Nb8 14. Ng3 Ng8 15. Nf5 Rd8 16. h3 Bf8 17. g4 g6 18. Ng3 a5 19. Nh2 f6 20. f4 Qh7 21. h4 exf4 22. Bxf4 Nd7 23. h5 g5 24. Bd2 Ne5 25. b3 Ne7 26. c4 b6 27. Bc3 Bg7 28. Nhf1 Qg8 29. Ne3 Qe8 30. a4 Qd7 31. Kh2 Ra7 32. Kh3 Kh7 33. Ne2 Rf8 34. Nd4 Rf7 35. Rf1 Bf8 36. Ra2 Ng8 37. Raf2 Ra8 38. Nef5 Qe8 39. Nb5 Qd7 40. Ng3 Rd8 41. c5 bxc5 42. Bxa5 Rc8 43. Bc3 Re7 44. Nf5 Ree8 45. Bxe5 Rxe5 46. Qd3 Rce8 47. Ng3 Ra8 48. Na3 Ree8 49. e5+ Kg7 50. e6 1-0

[Event "Cullera op 13th"]
[Site "Cullera"]
[Date "2010.07.28"]
[Round "3"]
[White "Martinez Escandell, Alfonso"]
[Black "Cabero Feliciano, Guillermo"]
[Result "0-1"]
[WhiteElo "2007"]
[BlackElo "2080"]
[PlyCount "82"]
[EventDate "2010.07.26"]
[EventType "swiss"]
[EventRounds "9"]
[EventCountry "ESP"]
[SourceTitle "CBM 137 Extra"]
[Source "ChessBase"]
[SourceDate "2010.09.01"]
[SourceVersion "1"]
[SourceVersionDate "2010.09.01"]
[SourceQuality "1"]

1. e4 e5 2. Nf3 Nc6 3. Bb5 a6 4. Ba4 Nf6 5. d4 b5 6. Bb3 exd4 7. e5 Ne4 8. 0-0 Nc5 9. Bd5 Ne6 10. Bxe6 dxe6 11. Bg5 Qd5 12. Qe2 Bb7 13. Rd1 h6 14. Bh4 g5 15. Bg3 Rd8 16. Nc3 Qc4 17. Qxc4 bxc4 18. Ne4 Be7 19. Nf6+ Bxf6 20. exf6 Rd7 21. b3 cxb3 22. axb3 0-0 23. Ra4 Rfd8 24. h3 d3 25. Rxd3 Rxd3 26. cxd3 Rxd3 27. Bxc7 Rxb3 28. h4 Rb4 29. Rxb4 Nxb4 30. hxg5 Bxf3 31. gxf3 Nd5 32. Ba5 hxg5 33. Bd2 Nf4 34. Kh2 Kh7 35. Bc3 Kg6 36. Bb2 Nd3 37. Bd4 e5 38. Bc3 Kxf6 39. Kg3 Kf5 40. Ba5 Nc5 41. Bb4 Nb3 0-1